Economía

Bibliographic Details
Main Author: Parkin, Michael
Format: Section = Libro
Language:Undetermined
Spanish
Published: México Pearson Educación 2009
Edition:8a.ed
Subjects:
LEADER 00602nam a2200241Ia 4500
008 240830s9999 xx 000 0 und d
020 |a 978-970-26-1279-7 
040 |a CEDOC FIQ-RUSB / 330 P247 
041 |a spa 
082 |a 330 P247 
100 1 |a Parkin, Michael 
245 1 0 |a Economía 
250 |a 8a.ed 
260 |a México  |b Pearson Educación  |c 2009 
300 |a 880 p. :il 
650 7 |a ECONOMÍA 
650 7 |b  OFERTA Y DEMANDA 
650 7 |c  ELASTICIDAD - ECONOMÍA 
650 7 |d  MACROECONOMÍA 
650 7 |e  POLÍTICA MONETARIA 
942 |c BK  |2 ddc 
991 |a TEXTO 
999 |c 13267